| 000 | 00602nab a2200193 4500 | ||
|---|---|---|---|
| 001 | 244442 | ||
| 003 | OSt | ||
| 005 | 20240228101942.0 | ||
| 007 | tu | ||
| 008 | 200917s2020||||||| | ||
| 040 |
_aDE-2950 _cDE-2950 |
||
| 245 | 0 | 0 |
_aBauern ziehen von Grenze zu Polen ab _bA12. Hunderte polnische Bauern und Handwerker hatten seit Sonntag für 24 Stunden die Autobahn bei Frankfurt blockiert/ _csam |
| 264 | _c2024 | ||
| 653 | _aFrankfurt (Oder) | ||
| 653 | _aAutobahn A12 | ||
| 653 | _aBauerndemo | ||
| 773 | 0 |
_g35. Jahrgang (2024) Nr. 49 vom 27.02.2024, S. 13 _tMärkische Oderzeitung |
|
| 942 |
_2z _cA |
||
| 999 |
_c372998 _d372998 |
||